000 00647nam a2200241Ia 4500
003 OSt
005 20221005101801.0
006 a|||||r|||| 00| 0
007 ta
008 221004b |||||||| |||| 00| 0 eng d
024 _a68405
037 _cTextual
040 _aCRL
_cCRL
_beng
041 _2eng
_aeng
082 _aYxN30, N0
100 _aBourdieu Pierre
245 0 _aIn other words
_b Bssays towards a reflexive socilogy, Tr by Mathnew Adamso.
260 _aU.K
_bPolity
_c1990
300 _a223p.
_ccm.
650 _aSOCIOLOGY
942 _hYxN30, N0
_cTEXL
_2cc
999 _c1007365
_d1007365